Imiona męskie na literę B - Statystyki

Ogólne statystyki
  • Ten quiz został rozwiązany 206 razy
    191 od ostatniego zresetowania
  • Średni wynik to 3 z 7
Statystyki odpowiedzi
# Odpowiedź % Poprawnych
3. Bartosz
94%
2. Bartłomiej
87%
1. Blazej
54%
6. Borys
32%
7. Bernard
28%
5. Beniamin
21%
4. Brajan
21%
Nie znaleziono quizów pasujących do podanych kryteriów
Rozkład punktacji
Procent ludzi z każdym wynikiem
Percentyl według liczby udzielonych odpowiedzi
Twoja historia wyników
Nie rozwiązałeś tego quizu od ostatniego zresetowania